| 000 -LEADER |
| fixed length control field |
00594cam a2200241 4500 |
| 001 - CONTROL NUMBER |
| control field |
4093844 |
| 005 - DATE AND TIME OF LATEST TRANSACTION |
| control field |
20180213073205.0 |
| 008 - FIXED-LENGTH DATA ELEMENTS--GENERAL INFORMATION |
| fixed length control field |
701109s1970 enkaef b 001 0 eng a |
| 010 ## - LIBRARY OF CONGRESS CONTROL NUMBER |
| LC control number |
73517403 |
| 015 ## - NATIONAL BIBLIOGRAPHY NUMBER |
| National bibliography number |
B70-16768 |
| 020 ## - INTERNATIONAL STANDARD BOOK NUMBER |
| International Standard Book Number |
0852360010 |
| 040 ## - CATALOGING SOURCE |
| Original cataloging agency |
DLC |
| Transcribing agency |
DLC |
| Modifying agency |
DLC |
| 041 ## - LANGUAGE CODE |
| Language code of text/sound track or separate title |
eng |
| 080 ## - UNIVERSAL DECIMAL CLASSIFICATION NUMBER |
| Universal Decimal Classification number |
636.40831 SAI |
| 082 00 - DEWEY DECIMAL CLASSIFICATION NUMBER |
| Classification number |
636.40831 SAI |
| 100 1# - Rafti |
| Rafti |
41 |
| 101 ## - Shkurtesa |
| Shkurtesa |
NDE |
| 245 10 - TITLE STATEMENT |
| Title |
Pig housing |
| Statement of responsibility, etc |
[by] David Sainsbury. |
| 350 ## - PRICE (NR) (BK AM CF MU VM SE) [OBSOLETE] |
| Price |
40/- |
| 504 ## - BIBLIOGRAPHY, ETC. NOTE |
| Bibliography, etc |
Includes bibliographical references. |
| 906 ## - LOCAL DATA ELEMENT F, LDF (RLIN) |
| a |
7 |
| b |
cbc |
| c |
orignew |
| d |
3 |
| e |
ncip |
| f |
19 |
| g |
y-gencatlg |
| 942 ## - ADDED ENTRY ELEMENTS (KOHA) |
| Source of classification or shelving scheme |
|
| Item type |
Books |